000 00756nam a2200265 a 4500
001 37775
003 BD-RjUL
005 20211209052643.0
008 150630s1938 enka b 001 0 eng d
035 _a(BD-RjUL) 37879
040 _aORX
_cORX
_dBD-RjUL
_beng
041 _aeng
082 0 _a621.3881
_219
_bMYT 1938
100 1 _aMyers, L. M.
_q(Leonard Morris),
_d1903-
_9116988
245 1 0 _aTelevision optics :
_ban introduction /
_cby L.M. Myers.
250 _a2nd ed.
260 _aLondon :
_bPittman,
_c1938.
300 _ax, 362 p. :
_bill. ;
_c22 cm.
500 _aIncludes index.
504 _aBibliography: p. 343-354.
650 0 _aTelevision.
_9116989
650 0 _aOptics.
_9116990
650 0 _aElectron optics.
_9116991
942 _2ddc
_cBK
999 _c37775
_d37775